00829 a2200169 45000010006000000050017000060080041000230030015000640400040000790800038001192450073001570200018002302640029002483000019002775050341002961000022006373372220260407155628.0260407a1997 arg spa dAR-UNSa-BCEJYS aAR-UNSa-BCEJYSbspacAR-UNSa-BCEJYS a911.3:33xGeografía económica10aGeografía económica, la lógica espacial del capitalismo global a84-344-3456-3 1aBarcelona :bArielc1997 a384 p.c24 cm. a1. Economía y organización territorial - 2. Organización espacial del sistema económico - 3. Dinámica capitalista, crisis y reestructuración territorial - 4. Efectos espaciales de la globalización económica - 5. Innovación tecnológica, sistema productivo y territorio - 6. La nueva división espacial del trabajo - 1 aMéndez, Ricardo